000 00329nam a2200097Ia 4500
008 220216s9999 xx 000 0 und d
100 _aNair M.G.S.
245 0 _aRubber and the media
260 _bSouvenir, Rubber Plantation Extension: 50 years of Excellence 1957-2007. Rubber Board, Kottayam, India, pp. 50-52.
_c2009
942 _cJS
999 _c67452
_d67452